Statistics for Yiddish Hebrew Alphabet

Click here to take the quiz!

General Stats

  • This quiz has been taken 82 times
  • The average score is 30 of 42

Answer Stats

Transliteration% Correct
גg
98%
דd
93%
ה h
93%
אַa
87%
לl
87%
מm
87%
נn
87%
שsh
87%
יy
87%
בּb
85%
זz
85%
רr
81%
פּp
80%
טt
80%
קk
78%
סs
78%
פֿf
76%
םm
76%
כkh
74%
שׂs
74%
צts
74%
ןn
72%
וּu
72%
יִi
70%
אָo
70%
װv
70%
וֹo
69%
ףf
67%
ץts
67%
תּt
65%
וu
65%
עe
63%
כּk
61%
טשtsh
61%
ךkh
59%
חkh
57%
בֿv
56%
זשzh
48%
תs
44%
ױoy
37%
ײַay
35%
ײey
31%

Score Distribution

Percentile by Number Answered

Percent of People with Each Score

Your Score History

You have not taken this quiz